书目信息 |
| 题名: |
印制电路板 (PCB) 设计与实践
|
|
| 作者: | 黄智伟 编著 | |
| 分册: | ||
| 出版信息: | 北京 电子工业出版社 2019 |
|
| 页数: | 653页 | |
| 开本: | 26cm | |
| 丛书名: | 电子工程技术丛书 | |
| 单 册: | ||
| 中图分类: | TN41 | |
| 科图分类: | ||
| 主题词: | 印制电路--yin zhi dian lu--电路设计 | |
| 电子资源: | ||
| ISBN: | 978-7-121-31558-9 | |
| 000 | 01156nam 2200301 45 | |
| 001 | 012001005193 | |
| 005 | 20191213102321.29 | |
| 010 | @a978-7-121-31558-9@dCNY128.00 | |
| 099 | @aCAL 012017116687 | |
| 100 | @a20170720d2017 em y0chiy50 ea | |
| 101 | 0 | @achi |
| 102 | @aCN@b110000 | |
| 105 | @aa a 000yy | |
| 106 | @ar | |
| 200 | 1 | @a印制电路板 (PCB) 设计与实践@Ayin zhi dian lu ban (PCB) she ji yu shi jian@f黄智伟编著 |
| 205 | @a第3版 | |
| 210 | @a北京@c电子工业出版社@d2019 | |
| 215 | @a653页@c图@d26cm | |
| 225 | 2 | @a电子工程技术丛书@Adian zi gong cheng ji shu cong shu |
| 320 | @a有书目 (第645-653页) | |
| 330 | @a本书共分15章,重点介绍了印制电路板(PCB)的焊盘、过孔、叠层、走线、接地、去耦合、电源电路、时钟电路、模拟电路、高速数字电路、模数混合电路、射频电路的PCB设计的基本知识、设计要求、方法和设计实例,以及PCB的散热设计、PCB的可制造性与可测试性设计等。 | |
| 410 | 0 | @12001 @a电子工程技术丛书 |
| 461 | 0 | @12001 @a电子工程技术丛书 |
| 606 | 0 | @a印制电路@Ayin zhi dian lu@x电路设计 |
| 690 | @aTN41@v4 | |
| 701 | 0 | @a黄智伟@Ahuang zhi wei@4编著 |
| 801 | 2 | @aCN@b江苏凤凰@c20191020 |
| 905 | @b1207723-5@dTN41@e180=3@f3 | |
| 印制电路板 (PCB) 设计与实践/黄智伟编著.-第3版.-北京:电子工业出版社,2019 |
| 653页:图;26cm.-(电子工程技术丛书) |
| ISBN 978-7-121-31558-9:CNY128.00 |
| 本书共分15章,重点介绍了印制电路板(PCB)的焊盘、过孔、叠层、走线、接地、去耦合、电源电路、时钟电路、模拟电路、高速数字电路、模数混合电路、射频电路的PCB设计的基本知识、设计要求、方法和设计实例,以及PCB的散热设计、PCB的可制造性与可测试性设计等。 |
| ● |
| 相关链接 |
|
|
|
|
正题名:印制电路板 (PCB) 设计与实践
索取号:TN41/180=3
 
预约/预借
| 序号 | 登录号 | 条形码 | 馆藏地/架位号 | 状态 | 备注 |
| 1 | 1207723 | 212077232 | 第二样本阅览室/ [索取号:TN41/180=3] | 在馆 | |
| 2 | 1207724 | 212077241 | 第三借阅区/ [索取号:TN41/180=3] | 在馆 | |
| 3 | 1207725 | 212077250 | 第三借阅区/ [索取号:TN41/180=3] | 在馆 |